1968 1023 1093 1591 1937 1674 1053 1503 1094 1033 1584 1705 1151 1353 1145 1222 1952 1960 1220 1204 1499 1147 1933 1792 1538 1381 1400 1677 1283 1774 1303 1541 1241 1299 1050 1619 1382 1103 1417 1341 1721 1076 1808 1673 1784 1520 1443 1341 1562 1145 1144 1162 1530 1841 1160 1903 1905 1001 1732 1804 1121 1602 1384 1249 1583 1557 1158 1254 1985 1636 1277 1025 1517 1894 1701 1765 1019 1388 1309 1349 1030 1621 1626 1879 1971 1755 1053 1430 1807 1819 1020 1330 1950 1444 1354 1151 1700 1575 1647 BCNSPRNW ULIB Ver.6.0+V

เปลี่ยนเป็นภาษาไทย

Change to English
 แสดงรายละเอียดบรรณานุกรม
  กลับหน้าหลัก

Brief Record : Get Marc (ISO 2709) : E-mail record : QR code < ปิดหน้าต่าง
LEADER : 00000nam 2200000uu 4500
001    13399128499
003     ULIB
008    230830s2558||||th 000 0 tha d
020    ^a9786162871238
050  4 ^aTX324^bม476ช
100 1  ^aมาริเอะ, คนโด
245 10 ^aชีวิตดีขึ้นทุกๆ ด้านด้วยการจัดบ้านแค่ครั้งเดียว /^cคนโด มาริเอะ ; ผู้แปล,โยซุเกะ, ปฏิพล ตั้งจักรวรานนท์
246 30 ^aJinsei ga Tokimeku Katatsuke no Mahou
260    ^aกรุงเทพฯ :^bวีเลิร์น,^c2558
300    ^a252 หน้า ;^c19 ซม.
650  4 ^aการทำความสะอาดบ้าน
650  4 ^aงานแม่บ้าน
650  4 ^aการจัดการบ้าน
650  4 ^aที่เก็บของในบ้าน
700 0  ^aโยซุเกะ,^eผู้แปล
700 0  ^aปฏิพล ตั้งจักรวรานนท์,^eผู้แปล
700 1  ^aMarie, Kondo
945    ^p180^l0^i010262
999    ^aประนอม เกษจรัล
รายการนี้ยังไม่มีแท็ก
คุณยังไม่ได้ล็อกอิน คุณสามารถมีกิจกรรมร่วมกับเว็บไซต์ได้ แต่ต้องล็อกอินก่อน ::
  ล็อกอิน

รายการสื่อสารสนเทศ

ลำดับที่ ประเภท เลขเรียก/บาร์โค้ด สถานที่ สถานะ
1. การศึกษาทั่วไป
การศึกษาทั่วไป
TX324 ม476ช ฉ.1 
  Barcode: 010262
ห้องสมุดวิทยาเขตสวรรค์ประชารักษ์
►หนังสือทั่วไป
ถูกยืม กำหนดส่งวันที่ 25 กรกฎาคม 2568
  จอง

รายการใกล้เคียง
    หัวเรื่อง [การทำความสะอาดบ้าน]
    หัวเรื่อง [การจัดการบ้าน]

BibComment


ยังไม่เคยถูกคอมเมนท์

คอมเมนท์ทรัพยากรรายการนี้
  คอมเมนท์: ชีวิตดีขึ้นทุกๆ ..


 Copyright 2026. Bcnsprnw @Library